000 00506nam a2200145Ia 4500
008 151213s9999 xx 000 0 und d
100 _aসৈয়দ হায়দার।
245 _aআধারের শেষ ভালোবাসি।
_cসৈয়দ হায়দার।
260 _aঢাকা
_bঅন্য প্রকাশ।
_c2003
300 _a8807 p.
650 _aBangla
650 _aকবিতা
700 _aসৈয়দ হায়দার।
999 _c4592
_d4592